000
00309nam a22001217a 4500
008
180802b xxu||||| |||| 00| 0 eng d
082
_a
813.52
245
_a
Great World Religions: Beliefs, Practices, Histories
_c
Oden,R
260
_c
1994
300
_a
6
_f
Cassette
440
_x
18008322412
942
_2
ddc
_c
MX
999
_c
46723
_d
46723